[Event "17e Open International de Creon"]
[Site "Creon (FRA)"]
[Date "2012.08.01"]
[Round "4.6"]
[White "Petre, Nad-Titus"]
[Black "Marholev, Dimitar"]
[Result "1/2-1/2"]
[WhiteElo "2362"]
[BlackElo "2356"]
[PlyCount "46"]
[EventDate "2012.??.??"]

1. c4 Nf6 2. Nc3 g6 3. Nf3 Bg7 4. e4 d6 5. d4 O-O 6. Be2 c5 7. d5 e6 8. h3 exd5
9. exd5 Re8 10. O-O Ne4 11. Nxe4 Rxe4 12. Bd3 Re8 13. Re1 Rxe1+ 14. Qxe1 Na6
15. Bg5 Bf6 16. Bxf6 Qxf6 17. Qe8+ Kg7 18. Re1 Rb8 19. Qe7 Qxe7 20. Rxe7 Kf8
21. Re3 Nc7 22. Ng5 h6 23. Ne4 Ne8 1/2-1/2

[Event "17e Open International de Creon"]
[Site "Creon (FRA)"]
[Date "2012.08.01"]
[Round "4.8"]
[White "Gallant, Aurelien"]
[Black "Ivanov, Jordan"]
[Result "0-1"]
[WhiteElo "2054"]
[BlackElo "2367"]
[PlyCount "56"]
[EventDate "2012.??.??"]

1. e4 c5 2. Nf3 e6 3. Nc3 Nc6 4. Bb5 Nd4 5. Bc4 Nf6 6. d3 d5 7. exd5 exd5 8.
Nxd4 cxd4 9. Bb5+ Ke7 10. O-O dxc3 11. bxc3 Qa5 12. c4 Bg4 13. Bd2 Bxd1 14.
Re1+ Kd6 15. Bxa5 a6 16. Ba4 b5 17. Bb3 Bg4 18. cxd5 Nxd5 19. c4 Nf6 20. a4
bxc4 21. Bxc4 Be6 22. Rab1 Nd5 23. Rb7 Kc6 24. Reb1 Bd6 25. d4 Rhb8 26. Rxb8
Bxb8 27. Bd3 Bc7 28. Bd2 Bb6 0-1

[Event "17e Open International de Creon"]
[Site "Creon (FRA)"]
[Date "2012.08.01"]
[Round "4.9"]
[White "Loiseau, Quentin"]
[Black "Derieux, Christian"]
[Result "1-0"]
[WhiteElo "2314"]
[BlackElo "2027"]
[PlyCount "53"]
[EventDate "2012.??.??"]

1. Nf3 g6 2. c4 Bg7 3. d4 c6 4. Nc3 d6 5. e4 Bg4 6. Be3 e6 7. h3 Bxf3 8. Qxf3
Ne7 9. g4 Qb6 10. O-O-O c5 11. d5 exd5 12. exd5 O-O 13. Bg5 f6 14. Bd2 Na6 15.
h4 h6 16. h5 g5 17. Qe4 Rae8 18. f4 Nc6 19. Qg6 Nd4 20. fxg5 fxg5 21. Bd3 Ne2+
22. Kb1 Nf4 23. Qh7+ Kf7 24. Rhf1 Ke7 25. Qxg7+ Kd8 26. Bxf4 gxf4 27. Bf5 1-0

[Event "17e Open International de Creon"]
[Site "Creon (FRA)"]
[Date "2012.08.01"]
[Round "4.10"]
[White "Duffau, Pascal"]
[Black "Grimberg, Gilbert"]
[Result "0-1"]
[WhiteElo "2033"]
[BlackElo "2295"]
[PlyCount "74"]
[EventDate "2012.??.??"]

1. Nf3 d5 2. c4 e6 3. e3 Nf6 4. Nc3 c5 5. d4 cxd4 6. exd4 Bb4 7. Bd3 dxc4 8.
Bxc4 Qc7 9. Qe2 O-O 10. O-O Bxc3 11. bxc3 b6 12. Bb2 Bb7 13. Bd3 Nbd7 14. c4
Rfe8 15. Ne5 Nxe5 16. dxe5 Nd7 17. Qh5 h6 18. Rfe1 Nc5 19. Bc2 Qc6 20. Qg4 Rad8
21. Rad1 Rxd1 22. Rxd1 h5 23. Qh3 Ne4 24. Qxh5 Qxc4 25. Rd7 g6 26. Qf3 Ng5 27.
Qd1 Bd5 28. Rxa7 Qc6 29. f3 Rc8 30. Bd3 Qc5+ 31. Kf1 Rd8 32. Qe2 Bxf3 33. gxf3
Nh3 34. Qc2 Qg1+ 35. Ke2 Nf4+ 36. Kd2 Rxd3+ 37. Qxd3 Qf2+ 0-1

[Event "17e Open International de Creon"]
[Site "Creon (FRA)"]
[Date "2012.08.02"]
[Round "5.2"]
[White "Grimberg, Gilbert"]
[Black "Cornette, Matthieu"]
[Result "0-1"]
[WhiteElo "2295"]
[BlackElo "2567"]
[PlyCount "74"]
[EventDate "2012.??.??"]

1. c4 b6 2. g3 Bb7 3. Nf3 Bxf3 4. exf3 c5 5. d4 cxd4 6. Qxd4 Nc6 7. Qd2 e6 8.
Nc3 Qf6 9. Qf4 Nd4 10. Qxf6 Nxf6 11. Kd1 Rc8 12. f4 Bb4 13. Bd2 O-O 14. Rc1
Rfd8 15. Ne2 Nc6 16. Bg2 Bc5 17. Bxc6 dxc6 18. f3 Rd3 19. Kc2 Rxf3 20. Rhf1
Rxf1 21. Rxf1 Rd8 22. Rf3 a5 23. Be3 Ne4 24. Bxc5 Nxc5 25. Nc3 f6 26. b3 Kf7
27. a3 Rd4 28. b4 axb4 29. axb4 Na6 30. b5 cxb5 31. cxb5 Nc5 32. Rf1 Kg6 33.
Rd1 Rxd1 34. Nxd1 Kf5 35. Ne3+ Ke4 36. Nc4 Nd7 37. Kd2 Kd5 0-1

[Event "17e Open International de Creon"]
[Site "Creon (FRA)"]
[Date "2012.08.02"]
[Round "5.4"]
[White "Riff, Jean-Noel"]
[Black "Domenech, Vianney"]
[Result "1/2-1/2"]
[WhiteElo "2500"]
[BlackElo "2200"]
[PlyCount "47"]
[EventDate "2012.??.??"]

1. Nf3 d5 2. c4 c6 3. e3 Nf6 4. Nc3 a6 5. d4 b5 6. c5 Bg4 7. h3 Bxf3 8. Qxf3 e5
9. g4 e4 10. Qd1 Be7 11. a4 b4 12. Ne2 a5 13. Ng3 Na6 14. g5 Nd7 15. h4 Nc7 16.
f3 h6 17. fxe4 hxg5 18. exd5 Nxd5 19. e4 Nf4 20. Qf3 Ne6 21. Bc4 g4 22. Qxg4
Nf6 23. Qd1 Qxd4 24. Bxe6 1/2-1/2

[Event "17e Open International de Creon"]
[Site "Creon (FRA)"]
[Date "2012.08.02"]
[Round "5.5"]
[White "Dumitrache, Dragos-Nicolae"]
[Black "Louis, Thibault"]
[Result "1/2-1/2"]
[WhiteElo "2447"]
[BlackElo "2151"]
[PlyCount "77"]
[EventDate "2012.??.??"]

1. d4 Nf6 2. c4 e6 3. Nc3 Bb4 4. e3 O-O 5. Bd3 Re8 6. Nge2 d5 7. O-O Bf8 8. e4
dxe4 9. Nxe4 Nxe4 10. Bxe4 g6 11. Be3 Bg7 12. Qb3 Nd7 13. Rab1 c6 14. g3 Qc7
15. Bg2 b6 16. Nc3 Ba6 17. Rbc1 Bb7 18. Rfd1 Rad8 19. Qa3 Bf8 20. c5 e5 21. b4
a5 22. Na4 axb4 23. Qxb4 exd4 24. Bxd4 bxc5 25. Nxc5 Nxc5 26. Bxc5 Rxd1+ 27.
Rxd1 Bxc5 28. Qxc5 Re5 29. Qd4 Qe7 30. Qc3 Rc5 31. Qd2 Re5 32. Bf3 c5 33. Bxb7
Qxb7 34. Qc3 Qe4 35. Ra1 Qd4 36. Qxd4 cxd4 37. a4 d3 38. Kf1 d2 39. Rd1 1/2-1/2

[Event "17e Open International de Creon"]
[Site "Creon (FRA)"]
[Date "2012.08.02"]
[Round "5.6"]
[White "Navrotescu, Andreea-Cristiana"]
[Black "Anton, Teodor"]
[Result "1-0"]
[WhiteElo "2100"]
[BlackElo "2423"]
[PlyCount "97"]
[EventDate "2012.??.??"]

1. d4 Nf6 2. c4 e6 3. Nc3 Bb4 4. e3 c5 5. Nge2 cxd4 6. exd4 d5 7. a3 Bxc3+ 8.
Nxc3 dxc4 9. Bxc4 O-O 10. O-O Nbd7 11. Bg5 h6 12. Bh4 a6 13. Qf3 Ra7 14. d5 Qc7
15. Ba2 e5 16. Rac1 Qd6 17. Na4 e4 18. Qe3 Ra8 19. Bg3 Qe7 20. Nb6 Ng4 21. Qd4
Nxb6 22. Qxb6 a5 23. Rc7 Qd8 24. Rfc1 Nf6 25. Qc5 b6 26. Qb5 Bd7 27. Qxb6 Rb8
28. Qd4 Be6 29. Be5 Nxd5 30. R7c5 Nf4 31. Qxd8 Rbxd8 32. Bxf4 Bxa2 33. Rxa5 Bb3
34. Rb5 Rd3 35. Rb4 g5 36. Be5 f6 37. Bc3 Bd5 38. Rd4 Rd8 39. Rd1 Rxd1+ 40.
Rxd1 Kf7 41. a4 Ke6 42. a5 Ra8 43. b4 Rc8 44. Bd4 Bb3 45. Ra1 Bc4 46. Rc1 Rc6
47. a6 Rxa6 48. Rxc4 Kd5 49. b5 1-0

[Event "17e Open International de Creon"]
[Site "Creon (FRA)"]
[Date "2012.08.02"]
[Round "5.7"]
[White "Jolly, Jean-Francois"]
[Black "Loiseau, Quentin"]
[Result "1-0"]
[WhiteElo "2409"]
[BlackElo "2314"]
[PlyCount "69"]
[EventDate "2012.??.??"]

1. e4 e5 2. Nf3 Nc6 3. Bb5 a6 4. Ba4 Nf6 5. O-O Bc5 6. Re1 O-O 7. c3 b5 8. Bb3
d6 9. d4 Bb6 10. h3 Bb7 11. Be3 exd4 12. cxd4 Na5 13. d5 Nxb3 14. Qxb3 c6 15.
dxc6 Bxc6 16. Nbd2 Re8 17. Bxb6 Qxb6 18. Qd3 Qb7 19. Nd4 Bxe4 20. Nxe4 Rxe4 21.
Nf5 Rxe1+ 22. Rxe1 Re8 23. Rc1 Qd7 24. Qf3 g6 25. Ne3 Ne4 26. Nd5 Kg7 27. Re1
Qc6 28. Rxe4 Rxe4 29. Qxe4 Qc1+ 30. Kh2 Qxb2 31. Qf4 Qxa2 32. Qd4+ Kg8 33. Nf6+
Kf8 34. Qxd6+ Kg7 35. Nd7 1-0

[Event "17e Open International de Creon"]
[Site "Creon (FRA)"]
[Date "2012.08.02"]
[Round "5.8"]
[White "Song, Julien"]
[Black "Jaureguiberry, Cedric"]
[Result "1-0"]
[WhiteElo "2398"]
[BlackElo "2100"]
[PlyCount "71"]
[EventDate "2012.??.??"]

1. d4 Nf6 2. c4 g6 3. Nc3 Bg7 4. Nf3 O-O 5. Bg5 d6 6. e3 Na6 7. Be2 c6 8. a3
Bd7 9. h3 Qe8 10. O-O Nc7 11. Rc1 h6 12. Bf4 Ne6 13. Bh2 Ng5 14. Nxg5 hxg5 15.
c5 dxc5 16. dxc5 Qc8 17. Bc4 b5 18. cxb6 axb6 19. Qb3 Qb7 20. e4 Nh5 21. e5 e6
22. Ne4 Nf4 23. Qg3 c5 24. f3 Bxe5 25. Qxg5 f6 26. Qh6 Qc7 27. Bxf4 Bxf4 28.
Qxg6+ Kh8 29. Nxf6 Be8 30. Nxe8 Raxe8 31. Rce1 e5 32. g3 Bxg3 33. Re4 Bf4 34.
Kf2 Re7 35. Rxf4 exf4 (35... Rxf4 36. Qg8#) 36. Qh6+ (36. Qh6+ Rh7 37. Qxf8#)
1-0

[Event "17e Open International de Creon"]
[Site "Creon (FRA)"]
[Date "2012.08.02"]
[Round "5.9"]
[White "Kieffer, Christian"]
[Black "Navrotescu, Catalin"]
[Result "0-1"]
[WhiteElo "2141"]
[BlackElo "2391"]
[PlyCount "74"]
[EventDate "2012.??.??"]

1. e4 e6 2. Nf3 d5 3. e5 c5 4. b4 cxb4 5. a3 bxa3 6. d4 Nc6 7. c3 Bd7 8. Bd3 a6
9. h4 h6 10. Nxa3 Rc8 11. O-O Na5 12. Bd2 Ne7 13. g3 Nc4 14. Qb3 Nc6 15. Bc1
N6a5 16. Qc2 b5 17. Nxc4 bxc4 18. Be2 Bb5 19. Nd2 Rb8 20. Rb1 Kd7 21. f4 g6 22.
Nf3 Be7 23. Be3 Nb3 24. Bf2 a5 25. g4 a4 26. f5 gxf5 27. gxf5 Qg8+ 28. Kh2 Qh7
29. Bg3 Qxf5 30. Qxf5 exf5 31. e6+ fxe6 32. Bxb8 Rxb8 33. Ne5+ Kd6 34. Rb2 Bxh4
35. Rg1 Bf2 36. Rg7 Nxd4 37. Rxb5 Nxb5 0-1

[Event "17e Open International de Creon"]
[Site "Creon (FRA)"]
[Date "2012.08.02"]
[Round "5.10"]
[White "Ivanov, Jordan"]
[Black "Salles, Louis"]
[Result "1/2-1/2"]
[WhiteElo "2367"]
[BlackElo "2147"]
[PlyCount "81"]
[EventDate "2012.??.??"]

1. d4 Nf6 2. c4 g6 3. Nc3 Bg7 4. e4 d6 5. Bd3 O-O 6. Nge2 Nc6 7. O-O e5 8. d5
Nd4 9. Nxd4 exd4 10. Nb5 Re8 11. Re1 Bd7 12. Nxd4 Nxd5 13. Nf5 Bxf5 14. cxd5
Bd7 15. Be3 c5 16. dxc6 Bxc6 17. Qb3 Qd7 18. f3 d5 19. exd5 Bxd5 20. Bb5 Qf5
21. Qa4 Red8 22. Rad1 a6 23. Bd3 Qf6 24. b3 Rac8 25. Be4 b5 26. Qa5 Bxe4 27.
Rxd8+ Qxd8 28. Qxd8+ Rxd8 29. fxe4 Bc3 30. Re2 Re8 31. Bb6 Re6 32. Ba7 f5 33.
Re3 Bf6 34. exf5 Rxe3 35. Bxe3 gxf5 36. Kf2 Kf7 37. Kf3 Ke6 38. h3 h5 39. Kf4
Be7 40. Bb6 Bf6 41. Ba7 1/2-1/2

[Event "17e Open International de Creon"]
[Site "Creon (FRA)"]
[Date "2012.08.02"]
[Round "5.15"]
[White "Billon, Olivier"]
[Black "Ballan, Guillaume"]
[Result "1-0"]
[WhiteElo "2229"]
[BlackElo "1975"]
[PlyCount "65"]
[EventDate "2012.??.??"]

1. e4 e6 2. d4 d5 3. Nc3 Nf6 4. Bg5 Be7 5. e5 Nfd7 6. h4 h6 7. Bxe7 Qxe7 8. Qg4
O-O 9. O-O-O c5 10. f4 cxd4 11. Nb5 Nc6 12. Nf3 f5 13. Qg3 Nc5 14. Nfxd4 Nxd4
15. Nxd4 Ne4 16. Qe3 Bd7 17. h5 Rac8 18. Bd3 Nc5 19. g4 Nxd3+ 20. Rxd3 fxg4 21.
Rd2 a5 22. Rg2 a4 23. Rxg4 a3 24. b3 Qb4 25. Rhg1 Rf7 26. Qg3 Qe7 27. Rg6 Kh8
28. f5 exf5 29. e6 Bxe6 30. Nxe6 Rf6 31. Rxg7 Qxe6 32. Rh7+ Kxh7 33. Qg7# 1-0

[Event "17e Open International de Creon"]
[Site "Creon (FRA)"]
[Date "2012.08.02"]
[Round "5.17"]
[White "Kirk, Ezra"]
[Black "Suez-Panama, Gilles"]
[Result "1-0"]
[WhiteElo "2216"]
[BlackElo "2019"]
[PlyCount "57"]
[EventDate "2012.??.??"]

1. d4 d5 2. c4 e6 3. Nc3 c6 4. Nf3 dxc4 5. a4 Bb4 6. g3 b5 7. Bg2 Ne7 8. O-O
Bxc3 9. bxc3 a5 10. Ba3 Nd5 11. Qe1 Na6 12. e4 Ne7 13. Ne5 b4 14. cxb4 Qxd4 15.
Nf3 Qa7 16. b5 Nc5 17. Qc3 cxb5 18. axb5 Bb7 19. b6 Qxb6 20. Rab1 Nb3 21. Qxg7
Rg8 22. Qf6 Qc7 23. Ng5 Nc6 24. Bd6 Qd7 25. Rfd1 h6 26. Nh7 a4 27. Qh4 Rg6 28.
Nf6+ Rxf6 29. Qxf6 1-0

[Event "17e Open International de Creon"]
[Site "Creon (FRA)"]
[Date "2012.08.02"]
[Round "5.23"]
[White "Goulesque, Camille"]
[Black "Gallant, Aurelien"]
[Result "0-1"]
[WhiteElo "1708"]
[BlackElo "2054"]
[PlyCount "52"]
[EventDate "2012.??.??"]

1. e4 c5 2. Nf3 d6 3. d4 cxd4 4. Nxd4 Nf6 5. Nc3 a6 6. Bc4 e6 7. Bb3 Be7 8. Bg5
O-O 9. Qe2 b5 10. O-O-O b4 11. Na4 Qa5 12. f4 Bd7 13. e5 dxe5 14. Qxe5 Qxe5 15.
fxe5 Nd5 16. Bxe7 Nxe7 17. Nf3 Bc6 18. Rd4 a5 19. Rhd1 Ng6 20. Nb6 Ra6 21. Nc8
Bxf3 22. gxf3 Nc6 23. Bc4 Ra8 24. Nb6 Nxd4 25. Nxa8 Nxf3 26. Be2 Ngxe5 0-1

[Event "17e Open International de Creon"]
[Site "Creon (FRA)"]
[Date "2012.08.02"]
[Round "5.26"]
[White "Derieux, Christian"]
[Black "Oney, Fatmanur"]
[Result "1-0"]
[WhiteElo "2027"]
[BlackElo "1840"]
[PlyCount "39"]
[EventDate "2012.??.??"]

1. d4 d5 2. c4 c6 3. Nf3 Nf6 4. Nc3 e6 5. Bg5 h6 6. Bxf6 Qxf6 7. e3 Nd7 8. Bd3
Bd6 9. O-O O-O 10. Rc1 Re8 11. Re1 Bc7 12. cxd5 Bxh2+ 13. Nxh2 exd5 14. Nf3 Nf8
15. Ne5 Qg5 16. e4 Ne6 17. Nf3 Qh5 18. exd5 cxd5 19. Re5 Qg4 20. Bf5 1-0

[Event "17e Open International de Creon"]
[Site "Creon (FRA)"]
[Date "2012.08.02"]
[Round "5.27"]
[White "Savalle, Mathilde"]
[Black "Le Bail, Clara"]
[Result "0-1"]
[WhiteElo "1690"]
[BlackElo "1999"]
[PlyCount "46"]
[EventDate "2012.??.??"]

1. e4 e6 2. d4 d5 3. Nd2 Nf6 4. e5 Nfd7 5. Bd3 c5 6. c3 Nc6 7. Ne2 cxd4 8. cxd4
f6 9. exf6 Nxf6 10. Nf3 Qc7 11. Bg5 Bd6 12. Bh4 O-O 13. O-O Nh5 14. Qc2 h6 15.
Bg6 Rxf3 16. gxf3 Bxh2+ 17. Kh1 Nf4 18. Bg3 (18. Kxh2 Nxg6+ 19. Bg3 Qf7) 18...
Bxg3 19. Nxg3 Qe7 20. Bh7+ Kh8 21. Qd2 Qh4+ 22. Kg1 Nxd4 23. Qd3 Nh3+ (23...
Nh3+ 24. Kg2 Nf4+ 25. Kg1 Nxd3) 0-1

[Event "17e Open International de Creon"]
[Site "Creon (FRA)"]
[Date "2012.08.02"]
[Round "6.1"]
[White "Cornette, Matthieu"]
[Black "Jolly, Jean-Francois"]
[Result "1-0"]
[WhiteElo "2567"]
[BlackElo "2409"]
[PlyCount "55"]
[EventDate "2012.??.??"]

1. c4 Nf6 2. Nc3 d5 3. cxd5 Nxd5 4. g3 g6 5. Bg2 Nb6 6. d3 Bg7 7. Be3 O-O 8.
Qd2 Nc6 9. Bh6 Nd4 10. Rc1 c6 11. h4 f6 12. Bxg7 Kxg7 13. e3 Nb5 14. Nxb5 cxb5
15. Ne2 Rb8 16. O-O Bf5 17. Nd4 Bd7 18. Rc5 a6 19. Rfc1 e5 20. Ne2 Be6 21. b3
Rf7 22. d4 Rd7 23. Qc3 exd4 24. Nxd4 Bf7 25. Qc2 Qe7 26. Bh3 Rd6 27. Rc7 Qe5
28. Rxf7+ 1-0

[Event "17e Open International de Creon"]
[Site "Creon (FRA)"]
[Date "2012.08.02"]
[Round "6.2"]
[White "Song, Julien"]
[Black "Gozzoli, Yannick"]
[Result "1/2-1/2"]
[WhiteElo "2398"]
[BlackElo "2547"]
[PlyCount "40"]
[EventDate "2012.??.??"]

1. d4 d5 2. c4 c6 3. cxd5 cxd5 4. Nc3 Nf6 5. Nf3 Nc6 6. Bf4 Bf5 7. e3 e6 8. Bd3
Bxd3 9. Qxd3 Bd6 10. Bxd6 Qxd6 11. O-O O-O 12. Rfc1 Rfc8 13. h3 h6 14. Na4 Nd7
15. a3 a6 16. Nc5 Nxc5 17. Rxc5 Ne7 18. Rac1 f6 19. Rxc8+ Rxc8 20. Rxc8+ Nxc8
1/2-1/2

[Event "17e Open International de Creon"]
[Site "Creon (FRA)"]
[Date "2012.08.02"]
[Round "6.3"]
[White "Navrotescu, Catalin"]
[Black "Inkiov, Ventzislav"]
[Result "0-1"]
[WhiteElo "2391"]
[BlackElo "2460"]
[PlyCount "44"]
[EventDate "2012.??.??"]

1. d4 Nf6 2. c4 e6 3. Nc3 d5 4. Bg5 c5 5. cxd5 cxd4 6. Qxd4 Be7 7. d6 Qxd6 8.
Qxd6 Bxd6 9. Nf3 Nc6 10. Rd1 Bb4 11. Bd2 O-O 12. e3 b6 13. a3 Be7 14. Bb5 Bb7
15. Ke2 Rac8 16. b4 a5 17. Na4 axb4 18. Nxb6 Rb8 19. axb4 Nxb4 20. Rb1 Bxf3+
21. gxf3 Bd6 22. Rxb4 Nd5 0-1

[Event "17e Open International de Creon"]
[Site "Creon (FRA)"]
[Date "2012.08.02"]
[Round "6.4"]
[White "Riff, Jean-Noel"]
[Black "Navrotescu, Andreea-Cristiana"]
[Result "1-0"]
[WhiteElo "2500"]
[BlackElo "2100"]
[PlyCount "107"]
[EventDate "2012.??.??"]

1. e4 c5 2. Nc3 a6 3. Nf3 Nc6 4. d4 cxd4 5. Nxd4 e6 6. Be2 Qc7 7. Be3 Nf6 8. a3
b5 9. Nxc6 dxc6 10. f4 Be7 11. O-O O-O 12. Kh1 Bb7 13. Bf3 e5 14. fxe5 Qxe5 15.
Bd4 Qc7 16. e5 Rad8 17. exf6 Bxf6 18. Nd5 cxd5 19. Bxf6 gxf6 20. Be2 Kh8 21.
Rxf6 Qe5 22. Rb6 Ba8 23. Bf3 d4 24. Rxa6 Bxf3 25. Qxf3 f5 26. Rf1 Qe4 27. Ra7
Qxf3 28. Rxf3 Rfe8 29. h3 Re1+ 30. Kh2 Rc1 31. Rf2 Rc8 32. Rd7 R1xc2 33. Rxc2
Rxc2 34. b4 f4 35. Rxd4 f3 36. Rg4 f2 37. Rf4 Ra2 38. Kg3 Rxa3+ 39. Kxf2 Rb3
40. Rg4 h5 41. Rg5 Rxb4 42. Rxh5+ Kg7 43. Kg3 Kg6 44. Rc5 Rb2 45. h4 b4 46. Rb5
b3 47. Kh3 Rb1 48. Kg4 b2 49. Rb6+ Kg7 50. Kg5 Kf7 51. h5 Ke7 52. g4 Kd7 53. h6
Kc7 54. Rb3 1-0

[Event "17e Open International de Creon"]
[Site "Creon (FRA)"]
[Date "2012.08.02"]
[Round "6.5"]
[White "Lagarde, Maxime"]
[Black "Kirk, Ezra"]
[Result "1-0"]
[WhiteElo "2505"]
[BlackElo "2216"]
[PlyCount "77"]
[EventDate "2012.??.??"]

1. c4 Nf6 2. Nc3 g6 3. g3 Bg7 4. Bg2 O-O 5. Nf3 c5 6. d4 d6 7. dxc5 dxc5 8.
Qxd8 Rxd8 9. Ne5 Nfd7 10. Nd3 Nc6 11. Be3 Nb6 12. Bxc5 Nxc4 13. O-O-O Bd7 14.
Nb4 Nxb4 15. Bxb4 Bc6 16. Bxc6 bxc6 17. Rxd8+ Rxd8 18. Bxe7 Rb8 19. Nd1 Re8 20.
Bb4 Rxe2 21. Re1 Rxe1 22. Bxe1 f5 23. f4 Bd4 24. b3 Nb6 25. Kd2 Kf7 26. Kd3 Bg1
27. Nf2 h6 28. Nh3 Bc5 29. Bf2 Bf8 30. Ng1 Ke6 31. Nf3 c5 32. a4 Nc8 33. Be3
Kd5 34. Ne5 g5 35. Ng6 gxf4 36. Nxf4+ Kc6 37. Ne6 Bd6 38. Bxh6 Nb6 39. Ng7 1-0

[Event "17e Open International de Creon"]
[Site "Creon (FRA)"]
[Date "2012.08.02"]
[Round "6.6"]
[White "Domenech, Vianney"]
[Black "Dumitrache, Dragos-Nicolae"]
[Result "0-1"]
[WhiteElo "2200"]
[BlackElo "2447"]
[PlyCount "86"]
[EventDate "2012.??.??"]

1. d4 c5 2. c3 e6 3. Nf3 d5 4. Bf4 Bd6 5. Bg3 Ne7 6. e3 Nf5 7. Nbd2 Nxg3 8.
hxg3 Nc6 9. Bd3 c4 10. Bc2 b5 11. e4 b4 12. Qe2 bxc3 13. bxc3 Qe7 14. Nf1 Bb7
15. exd5 exd5 16. Ne3 Nd8 17. Ba4+ Kf8 18. O-O g6 19. Rae1 h5 20. Nh4 Bc7 21.
f4 Qa3 22. Bc2 Qd6 23. Nef5 Qd7 24. Ne7 Nc6 25. Nexg6+ fxg6 26. f5 g5 27. Ng6+
Kf7 28. Qe6+ Qxe6 29. fxe6+ Kg8 30. Nxh8 Bxg3 31. Ng6 Bxe1 32. e7 Bxc3 33. Rf8+
Kg7 34. Rxa8 Nxe7 35. Rb8 Nxg6 36. Rxb7+ Kf6 37. Bxg6 Kxg6 38. Rd7 Kf5 39.
Rxd5+ Ke4 40. Rxg5 Bxd4+ 41. Kf1 c3 42. Rg8 c2 43. Rc8 Kd3 0-1

[Event "17e Open International de Creon"]
[Site "Creon (FRA)"]
[Date "2012.08.02"]
[Round "6.7"]
[White "Santos Latasa, Jaime"]
[Black "Favarel, Antoine"]
[Result "1-0"]
[WhiteElo "2399"]
[BlackElo "2267"]
[PlyCount "65"]
[EventDate "2012.??.??"]

1. d4 Nf6 2. c4 e6 3. Nc3 Bb4 4. f3 d5 5. a3 Bxc3+ 6. bxc3 c5 7. cxd5 exd5 8.
e3 Qc7 9. Ra2 cxd4 10. cxd4 Bf5 11. Ne2 O-O 12. g4 Bg6 13. h4 Rc8 14. Bh3 Nbd7
15. O-O Nb6 16. Nf4 Bc2 17. Qe1 Bb3 18. Rg2 Re8 19. g5 Nfd7 20. Qg3 Nf8 21. h5
Rad8 22. Re1 Rd6 23. e4 Rc6 24. Bd2 Rc2 25. e5 Nc4 26. Nxd5 Qd8 27. Nf6+ gxf6
28. gxf6+ Ng6 29. hxg6 hxg6 30. Qf4 Nxd2 31. Rxd2 Rxd2 32. Qxd2 Kh7 33. Re4 1-0

[Event "17e Open International de Creon"]
[Site "Creon (FRA)"]
[Date "2012.08.02"]
[Round "6.8"]
[White "Louis, Thibault"]
[Black "Ivanov, Jordan"]
[Result "1/2-1/2"]
[WhiteElo "2151"]
[BlackElo "2367"]
[PlyCount "97"]
[EventDate "2012.??.??"]

1. e4 c5 2. Nc3 Nc6 3. Bb5 Nd4 4. Bc4 e6 5. Nge2 Nf6 6. O-O a6 7. d3 Qc7 8.
Nxd4 cxd4 9. Ne2 Nxe4 10. Bxe6 dxe6 11. dxe4 e5 12. c3 dxc3 13. Nxc3 Be6 14.
Nd5 Bxd5 15. Qxd5 Rd8 16. Qb3 Bc5 17. Be3 Bxe3 18. Qxe3 O-O 19. Rfc1 Qd6 20. h3
Qd2 21. Qb3 Qf4 22. Qf3 Qxf3 23. gxf3 Rd7 24. Rc5 f6 25. Rac1 g5 26. Kg2 Kg7
27. b4 Rff7 28. b5 axb5 29. Rxb5 Rd2 30. Rcb1 Rxa2 31. Rxb7 Rxb7 32. Rxb7+ Kg6
33. Rc7 h5 34. Rb7 Ra6 35. Rb8 Kf7 36. Rh8 Kg7 37. Rd8 f5 38. exf5 Rf6 39. Rd7+
Kh6 40. Re7 Rxf5 41. Re6+ Kg7 42. Kg3 Kf7 43. Rh6 h4+ 44. Kg4 Rf6 45. Kxg5 Rxf3
46. Kxh4 e4 47. Ra6 Rxf2 48. Kg3 Rf3+ 49. Kg4 1/2-1/2

[Event "17e Open International de Creon"]
[Site "Creon (FRA)"]
[Date "2012.08.02"]
[Round "6.9"]
[White "Salles, Louis"]
[Black "Billon, Olivier"]
[Result "1-0"]
[WhiteElo "2147"]
[BlackElo "2229"]
[PlyCount "71"]
[EventDate "2012.??.??"]

1. e4 c5 2. Nf3 Nc6 3. d4 cxd4 4. Nxd4 Nf6 5. Nc3 e5 6. Ndb5 d6 7. Bg5 a6 8.
Na3 b5 9. Nd5 Be7 10. Bxf6 Bxf6 11. c4 b4 12. Nc2 O-O 13. h4 Rb8 14. b3 g6 15.
g3 Bg7 16. Bg2 Be6 17. h5 Rb7 18. Kf1 Qa5 19. a3 bxa3 20. Rxa3 Qc5 21. Rxa6 Nb8
22. Ra1 f5 23. hxg6 fxe4 24. Nce3 hxg6 25. Bxe4 Rbf7 26. Kg1 Rxf2 27. Bxg6 Bxd5
28. Qxd5+ Qxd5 29. Nxd5 Bh6 30. Rxh6 Kg7 31. Rh4 Kxg6 32. Nf4+ exf4 33. Kxf2 f3
34. Rf4 Rxf4 35. gxf4 Nc6 36. Rd1 1-0

[Event "17e Open International de Creon"]
[Site "Creon (FRA)"]
[Date "2012.08.03"]
[Round "7.1"]
[White "Gozzoli, Yannick"]
[Black "Cornette, Matthieu"]
[Result "1/2-1/2"]
[WhiteElo "2547"]
[BlackElo "2567"]
[PlyCount "43"]
[EventDate "2012.??.??"]

1. d4 d5 2. c4 c6 3. Nc3 Nf6 4. cxd5 cxd5 5. Nf3 Nc6 6. Bf4 Nh5 7. Bd2 Nf6 8.
Bf4 Bf5 9. e3 e6 10. Bd3 Bxd3 11. Qxd3 Bd6 12. Bxd6 Qxd6 13. O-O O-O 14. Rfc1
Rfc8 15. h3 h6 16. a3 a6 17. Na4 Nd7 18. Nc5 Nxc5 19. Rxc5 Ne7 20. Rac1 Rxc5
21. Rxc5 Rc8 22. Rxc8+ 1/2-1/2

[Event "17e Open International de Creon"]
[Site "Creon (FRA)"]
[Date "2012.08.03"]
[Round "7.2"]
[White "Inkiov, Ventzislav"]
[Black "Song, Julien"]
[Result "1/2-1/2"]
[WhiteElo "2460"]
[BlackElo "2398"]
[PlyCount "52"]
[EventDate "2012.??.??"]

1. d4 Nf6 2. c4 c5 3. e3 g6 4. Nc3 Bg7 5. Nf3 O-O 6. Be2 cxd4 7. exd4 d5 8. O-O
Nc6 9. Be3 Bg4 10. c5 Ne4 11. Rc1 e6 12. Nd2 Nxc3 13. bxc3 Bxe2 14. Qxe2 Qa5
15. Nb3 Qa4 16. Rb1 b6 17. Bf4 Qc4 18. Qxc4 dxc4 19. Nd2 e5 20. dxe5 Nxe5 21.
Bxe5 Bxe5 22. Nxc4 Bxc3 23. Rfc1 Bd4 24. c6 Bc5 25. Ne5 Rfc8 26. Kf1 f6 1/2-1/2

[Event "17e Open International de Creon"]
[Site "Creon (FRA)"]
[Date "2012.08.03"]
[Round "7.4"]
[White "Santos Latasa, Jaime"]
[Black "Riff, Jean-Noel"]
[Result "1/2-1/2"]
[WhiteElo "2399"]
[BlackElo "2500"]
[PlyCount "42"]
[EventDate "2012.??.??"]

1. d4 Nf6 2. c4 e6 3. Nf3 Bb4+ 4. Bd2 Qe7 5. g3 Nc6 6. Nc3 O-O 7. Bg2 Na5 8. c5
Nc4 9. O-O Nxd2 10. Qxd2 b6 11. Ne5 Rb8 12. c6 d5 13. Qd3 a5 14. Rac1 Ra8 15.
a4 Ne8 16. e4 dxe4 17. Bxe4 Nf6 18. Bf3 Ba6 19. Nb5 Rad8 20. Rfd1 Bd6 21. Qb3
Rfe8 1/2-1/2

[Event "17e Open International de Creon"]
[Site "Creon (FRA)"]
[Date "2012.08.03"]
[Round "7.5"]
[White "Anton, Teodor"]
[Black "Salles, Louis"]
[Result "1-0"]
[WhiteElo "2423"]
[BlackElo "2147"]
[PlyCount "53"]
[EventDate "2012.??.??"]

1. d4 Nf6 2. Nf3 g6 3. Nbd2 d5 4. c4 c6 5. e3 Bg7 6. Bd3 O-O 7. b3 c5 8. Bb2
cxd4 9. exd4 Nc6 10. O-O Bg4 11. h3 Bxf3 12. Nxf3 dxc4 13. bxc4 Nh5 14. Be4 Rc8
15. Qa4 Nf4 16. Rfe1 f5 17. Bxc6 Rxc6 18. Ba3 Re8 19. Rad1 Ra6 20. Qb3 e6 21.
Bc1 Nh5 22. c5 Nf6 23. Qxb7 Rxa2 24. Ng5 Nd7 25. Qb3 Ra6 26. Nxe6 Qb8 27. Qc4
1-0

[Event "17e Open International de Creon"]
[Site "Creon (FRA)"]
[Date "2012.08.03"]
[Round "7.7"]
[White "Pilte, Nicolas"]
[Black "Navrotescu, Catalin"]
[Result "0-1"]
[WhiteElo "2110"]
[BlackElo "2391"]
[PlyCount "52"]
[EventDate "2012.??.??"]

1. e4 d6 2. d4 Nf6 3. Nc3 g6 4. Be3 c6 5. Qd2 b5 6. f3 Nbd7 7. g4 Nb6 8. b3 h5
9. g5 Nfd7 10. f4 Bg7 11. f5 O-O 12. Nf3 b4 13. Ne2 c5 14. Nf4 cxd4 15. Nxd4
Nc5 16. Bg2 Bb7 17. fxg6 e5 18. gxf7+ Rxf7 19. Nfe6 Qe7 20. g6 Rf6 21. Nxc5
exd4 22. Nxb7 dxe3 23. Qe2 Rf2 24. Qxe3 Rxg2 25. O-O-O Qe5 26. c3 Bh6 0-1